| 000 | 00363nam a2200145 4500 | ||
|---|---|---|---|
| 001 | 122931 | ||
| 003 | ES-MaACL | ||
| 005 | 20230906192054.0 | ||
| 007 | t| | ||
| 008 | 070214s1969 sp r ||||0| spa d | ||
| 245 | 0 | 0 | _aPuntos de renovación religiosa. |
| 260 |
_aMadrid : _bCoculsa, _c1969. |
||
| 300 |
_a61 p ; _c14 cm. |
||
| 852 |
_aES-MaACL _jC-53630 _bR.72730 |
||
| 999 |
_c122931 _d122931 |
||